Biblioteca

El padrenuestro : La oración de la liberación integral / Leonardo Boff ; Teófilo Pérez, Traductor (Registro nro. 38556)

Detalles MARC
000 -LÍDER
Campo fijo de descripción fija 005750000a22002050004500
020 ## - NÚMERO INTERNACIONAL NORMALIZADO PARA LIBROS
Número Internacional Normalizado del libro 84-285-0879-8
041 0# - CÓDIGO DE IDIOMA
Código de idioma para texto/pista de sonido o título separado
082 04 - NÚMERO DE CLASIFICACIÓN DECIMAL DEWEY
Número de clasificación G 270.92 B673p
001 - NÚMERO DE CONTROL
Campo de control 8393
100 1# - ASIENTO PRINCIPAL--NOMBRE PERSONAL
Nombre personal Boff, Leonardo
245 10 - TÍTULO
Título del Material El padrenuestro : La oración de la liberación integral / Leonardo Boff ; Teófilo Pérez, Traductor
250 ## - MENCIÓN DE EDICIÓN
Mención de edición 2
260 ## - PUBLICACIÓN, DISTRIBUCIÓN, ETC. (PIE DE IMPRENTA)
Lugar de publicación, distribución, etc. Madrid, España : Paulinas
300 ## - DESCRIPCIÓN FÍSICA
Extensión 167 Pag
336 ## - CONTENT TYPE
Content type term texto
Content type code txt
Source rdacontent
337 ## - MEDIA TYPE
Source rdamedia
Media type term sin mediación
Media type code n
338 ## - CARRIER TYPE
Source rdacarrier
Carrier type term volumen
Carrier type code nc
500 ## - NOTA GENERAL
Nota General Titulo original : O Pai-nosso
942 ## - TIPO DE MATERIAL (KOHA)
Tipo de Item KOHA Libros General
Existencias
Estado de Material Estado de Perdido Forma de Clasificación Estado de Dañado No para Préstamo Colección Tomo Biblioteca de Origen Biblioteca Permanente Fecha de Adquisición Área Total de Préstamos Total de Renovaciones Signatura Topográfica Código de Barras Última vez visto Última vez Préstado Ejemplar/Existencia Fecha de Remplazo Tipo de Material
    Dewey Decimal Classification     Colección General   Biblioteca FUSBC Biblioteca FUSBC 13/01/2005 TEOLOGÍA CRISTIANA 2 6 G 270.92 B673p 6958 10/08/2020 11/03/2020 1 26/01/2016 Libros General

Biblioteca FUSBC | Teléfono: (57+4) 349 88 10 Ext. 141| WhatsApp (+57) 3005338115 
E-mail: biblioteca@unisbc.edu.co | Calle 76 87-14 Robledo Palenque, Medellín, Colombia

Con tecnología Koha